000 00673nam a2200205 4500
003 OSt
005 20221116153044.0
008 221111b |||||||| |||| 00| 0 eng d
040 _cBiblioteca Lado V
082 _a708
_bF981a
110 _9434
_aFundación Romulo Maiorana
_eautor
245 _aArtePara 2006/
260 _c2006
_aBrasil
_bBelem-PA
300 _a232p.
_c23x27cm
650 _2Tesauro de Arte & Arquitectura
_aARTE
650 _2Tesauro de Arte & Arquitectura
_aMUSEO
650 _2Tesauro de Arte & Arquitectura
_aARTE BRASILEÑO
650 _2Tesauro de Arte & Arquitectura
_aCULTURA
942 _2ddc
_c1
_h708
_iF981a
_n0
_e25 edición
999 _c2649
_d2649